LEADER 00798nam a2200205 i 4500 001 000000161638 003 CaOOAMICUS 005 20070524000000.0 008 070524s1940 it u000 u ita u 013 $a139001 040 $aSeMil$bita 100 1 $aCrispolti, Filippo <1857-1942>.$0(OLS)http://semarc/name/42713 245 10$aIndagini sopra il Manzoni /$cFilippo Crispolti. 260 $aMilano :$bGarzanti,$c1940. 300 $a484 p., [1] c. di tav. ;$c20 cm. 600 14$aManzoni, Alessandro <1785-1873>.$0(OLS)http://semarc/subject/1531 850 $aSeMil 852 $aSeMil$W1$xVenegono$y1$m1O I 343$j239439$B113025$CSeMilBibl$Z2$F123467 $81 996 $6245$aIndagini sopra il Manzoni$9(OLS)http://semarc/title/144852 996 $6260$aMilano :$bGarzanti$9(OLS)http://semarc/publisher/29852 LEADER 01261nam a2200265 i 4500 001 000000052458 003 CaOOAMICUS 005 20250721104624.0 008 110616s1973 it u000 u ita u 013 $a23630 040 $aSeMil$bita 100 1 $aSerenthà, Luigi,$c.$0(OLS)http://semarc/name/10583 245 10$aAppunti per uno studio teologico dell'antropologia rivelata :$b(Struttura ontologica dell'uomo e peccato originale) /$cLuigi Serenthà. 260 $aMilano ; Torino :$b[s.n.],$c1973. 300 $a100 c. ;$c31 cm. 500 $aIn testa al front. : Biennio esperti in Pastorale catechistica. 650 4$aAntropologia teologica.$0(OLS)http://semarc/subject/2114 650 4$aDispense scolastiche.$0(OLS)http://semarc/subject/526 650 4$aPeccato originale.$0(OLS)http://semarc/subject/4565 850 $aSeMil 852 $aSeMil$W1$xVenegono$y1$m6X II 58$j259974$B18612$CSeMilBibl$Z2$F18614 $8B 961 $aFondo Serenthà mons. Luigi 996 $6245$aAppunti per uno studio teologico dell'antropologia rivelata :$b(Struttura ontologica dell'uomo e peccato originale)$9(OLS)http://semarc/title/80487 996 $6260$aMilano ; Torino :$b[s.n.]$9(OLS)http://semarc/publisher/41469